ARRUPE JESUIT UNIVERSITY

CORONAVIRUS -STOP THE SPREAD - CLEAN,DISINFECT,COVER

What is Africa's problem? (Record no. 8441)

MARC details
000 -LEADER
fixed length control field 00495nam a2200217Ia 4500
003 - CONTROL NUMBER IDENTIFIER
control field 0100
005 - DATE AND TIME OF LATEST TRANSACTION
control field 20170602121956.0
008 - FIXED-LENGTH DATA ELEMENTS--GENERAL INFORMATION
fixed length control field 130303s9999 xx 000 0 und d
040 ## - CATALOGING SOURCE
Transcribing agency ARRUPELIB
050 ## - LIBRARY OF CONGRESS CALL NUMBER
Classification number DT30.5.M87 1992
300 ## - PHYSICAL DESCRIPTION
Other physical details 19cm.
100 ## - MAIN ENTRY--PERSONAL NAME
Personal name Museveni, Yoweri K.
9 (RLIN) 32096
245 ## - TITLE STATEMENT
Title What is Africa's problem?
260 ## - PUBLICATION, DISTRIBUTION, ETC. (IMPRINT)
Name of publisher, distributor, etc NRM Publications
Place of publication, distribution, etc Kampala
Date of publication, distribution, etc 1992
300 ## - PHYSICAL DESCRIPTION
Extent 282p.
650 ## - SUBJECT ADDED ENTRY--TOPICAL TERM
Topical term following geographic name as entry element Africa
General subdivision Politics
Chronological subdivision 1960 -
9 (RLIN) 16763
650 ## - SUBJECT ADDED ENTRY--TOPICAL TERM
Topical term following geographic name as entry element Uganda
General subdivision History
Chronological subdivision 1979
9 (RLIN) 30706
650 ## - SUBJECT ADDED ENTRY--TOPICAL TERM
Topical term following geographic name as entry element Uganda
General subdivision Politics
Chronological subdivision 1979 -
9 (RLIN) 30705
650 ## - SUBJECT ADDED ENTRY--TOPICAL TERM
Topical term following geographic name as entry element Africa
General subdivision History
Chronological subdivision 1960
9 (RLIN) 16762
650 ## - SUBJECT ADDED ENTRY--TOPICAL TERM
Active dates civilization, Ancient
9 (RLIN) 32097
942 00 - ADDED ENTRY ELEMENTS (KOHA)
Koha issues (borrowed), all copies 2
Source of classification or shelving scheme Library of Congress Classification
Koha item type Monograph ( Printed materials)
Holdings
Withdrawn status Lost status Source of classification or shelving scheme Damaged status Not for loan Collection code Home library Current library Shelving location Date acquired Total Checkouts Full call number Barcode Date last seen Date checked out Copy number Price effective from Koha item type
    Library of Congress Classification     Main Collection ARRUPE LIBRARY ARRUPE LIBRARY   04/03/2013 4 DT30.5.M87 1992 46003093992 14/03/2024 22/02/2024 1 04/03/2013 Monograph ( Printed materials)
    Library of Congress Classification     Main Collection ARRUPE LIBRARY ARRUPE LIBRARY   04/03/2013 3 DT30.5.M87 1992 46003028490 07/12/2018 01/10/2018 2 04/03/2013 Monograph ( Printed materials)

 

Arrupe Library. PO Box MP320 Mt Pleasant, Harare, Zimbabwe
263 242 745411|librarian@aju.ac.zw